000 00700nam a2200289Ia 4500
005 20260324115229.0
008 008 260324s9999 xx 000 0 eng d
020 _a9781003006862
037 _aEBOOK
040 _aCRL
040 _beng
040 _cCRL
041 _2eng
041 _aeng
084 _qCRL
100 _aOlha Hrytsyna; Vasyl Kondrat
_91153862
245 0 _aLocal Gradient Theory for Dielectrics
245 0 _bFundamentals and Applications
260 _bTaylor and Francis
260 _c2019
365 _a
365 _b240
856 _uhttp://www.taylorfrancis.com/books/9781003006862
942 _cEBOOK
999 _c1744589
_d1744589